OPERATIONS MANAGEMENT, DECISION MAKING IN THE OPERATIONS FUNCTION (Record no. 573849)
[ view plain ]
| 000 -LEADER | |
|---|---|
| fixed length control field | 00411nam a22001457a 4500 |
| 020 ## - INTERNATIONAL STANDARD BOOK NUMBER | |
| International Standard Book Number | 0-07-055615-6 |
| 082 ## - DEWEY DECIMAL CLASSIFICATION NUMBER | |
| Classification number | 658.5036 (PS) SCH'O |
| 100 ## - MAIN ENTRY--PERSONAL NAME | |
| Personal name | SCHROEDER, ROGER G |
| 9 (RLIN) | 65713 |
| 245 ## - TITLE STATEMENT | |
| Title | OPERATIONS MANAGEMENT, DECISION MAKING IN THE OPERATIONS FUNCTION |
| 250 ## - EDITION STATEMENT | |
| Edition statement | 2ND |
| 260 ## - PUBLICATION, DISTRIBUTION, ETC. | |
| Place of publication, distribution, etc. | NEWYORK |
| Name of publisher, distributor, etc. | MCGRAW HILL |
| Date of publication, distribution, etc. | 1986 |
| 300 ## - PHYSICAL DESCRIPTION | |
| Extent | 379P |
| 650 ## - SUBJECT ADDED ENTRY--TOPICAL TERM | |
| Topical term or geographic name entry element | DECISION MAKING PRODUCTION MANAGEMENT |
| 9 (RLIN) | 65714 |
| 942 ## - ADDED ENTRY ELEMENTS (KOHA) | |
| Koha item type | Book |
| Withdrawn status | Lost status | Damaged status | Not for loan | Permanent Location | Current Location | Shelving location | Date acquired | Total Checkouts | Full call number | Barcode | Date last seen | Price effective from | Koha item type |
|---|---|---|---|---|---|---|---|---|---|---|---|---|---|
| College of Electrical & Mechanical Engineering (CEME) | College of Electrical & Mechanical Engineering (CEME) | General Stacks | 07/28/2017 | 658.5036 (PS) SCH'O | CEME-22385 | 06/28/2021 | 06/28/2021 | Book |
